Çağdaş Sibirya Türk lehçelerinde zamirler / (Record no. 15882)

MARC details
000 -BAŞLIK
Sabit Uzunlukta Kontrol Alanı 00735nam a22002057a 4500
999 ## - SİSTEM KONTROL NUMARALARI (KOHA)
Koha Biblionumber 15882
Koha Biblioitemnumber 15882
003 - KONTROL NUMARASI IDENTIFIER
Denetim Alanı MIRAKIL
005 - SON İŞLEM TARİHİ VE ZAMANI
Denetim Alanı 20240404104343.0
008 - SABİT-BOY VERİ ELEMANLARI - GENEL BİLGİLER
Sabit Uzunlukta Kontrol Alanı 240404b tu ||||| |||| 00| 0 tur d
020 ## - ULUSLARARASI STANDART KİTAP NUMARASI
Uluslararası Standart Kitap Numarası 9789751748973
040 ## - KATALOGLAMA KAYNAK
Orijinal Kataloglama Ajansı TR-AnCHP
Metne Dönüştürmek Ajansı TR-AnCHP
041 ## - DİL KODU
Metin / Ses Parça Veya Ayrı Başlığın Dil Kodu tur
082 ## - DEWEY ONLU SINIFLANDIRMA NUMARASI
Sınıflandırma Numarası 419.99
Ürün Numarası A61ç 2021
100 ## - ANA GİRİŞ - KİŞİSEL İSİM
Kişisel Ad Arçın, Salih Mehmet
245 10 - BAŞLIK TABLOSU
Başlık Çağdaş Sibirya Türk lehçelerinde zamirler /
Sorumluluk Tablosu, Vb Salih Mehmet Arçın.
260 ## - YAYIN, DAĞITIM, VB
Yayın, Dağıtım, Vb Yeri Ankara :
Yayıncı, Dağıtıcı, Vs Adı Türk Dil Kurumu Yayınları,
Yayın, Dağıtım, Vb Tarihi 2021
300 ## - FİZİKSEL TANIM
Kapsam 428 sayfa :
Diğer Fiziksel Ayrıntıları tablo ;
Boyutlar 24 cm.
490 0# - SERİSİ TABLOSU
Seri Beyanı Atatürk Kültür, Dil ve Tarih Yüksek Kurumu Türk Dil Kurumu Yayınları ;
Hacim / Ardışık Tanımı 1415.
856 ## - ELEKTRONİK YER VE ERİŞİM
Kamu Notu Dijital Nüshası için Partimizin Kütüphane Sorumlusu ile iletişime geçiniz.
942 ## - EKLENDİ GİRİŞ ELEMANLARI (KOHA)
Sınıflandırma Veya Raf Düzeni Kaynak Dewey Decimal Classification
Koha Öğesi Türü Books
Holdings
Kalıcı Konum Mevcut Konum Edinme Tarihi Toplam Check-Out'Lar Tam Çağrı Numarası Barkod Tarih Son Görülme İtibaren Geçerli Fiyatlar Koha Öğesi Türü
CHP Kütüphanesi CHP Kütüphanesi 04/04/2024   419.99 A61ç 2021 21833 04/04/2024 04/04/2024 Books